| 000 | 00339nam a2200145Ia 4500 | ||
|---|---|---|---|
| 008 | 230917s9999||||xx |||||||||||||| ||und|| | ||
| 040 |
_e68054 _aMAIN |
||
| 041 | _aEnglish | ||
| 082 | _a330.156 L539A | ||
| 100 | _aLekachman, Robert | ||
| 245 | 0 | _aAge of Keynes | |
| 260 |
_aLondon _bAllen Lane _c1967 |
||
| 300 | _a265 p. | ||
| 942 | _cBK | ||
| 999 |
_c189673 _d189673 |
||